CPA examination: practical accounting 1 / (Record no. 2600)

MARC details
000 -LEADER
fixed length control field 00607nam a2200205 4500
003 - CONTROL NUMBER IDENTIFIER
control field OSt
005 - DATE AND TIME OF LATEST TRANSACTION
control field 20240723055422.0
008 - FIXED-LENGTH DATA ELEMENTS--GENERAL INFORMATION
fixed length control field 240723b |||||||| |||| 00| 0 eng d
020 ## - INTERNATIONAL STANDARD BOOK NUMBER
International Standard Book Number 9710489640
040 ## - CATALOGING SOURCE
Original cataloging agency DWCL-Main lib.
Transcribing agency OC
082 ## - DEWEY DECIMAL CLASSIFICATION NUMBER
Classification number Fil. 657 Ub14c 2010
006 - FIXED-LENGTH DATA ELEMENTS--ADDITIONAL MATERIAL CHARACTERISTICS
fixed length control field a
100 ## - MAIN ENTRY--PERSONAL NAME
Personal name Uberita, Conrado
245 ## - TITLE STATEMENT
Title CPA examination: practical accounting 1 /
260 ## - PUBLICATION, DISTRIBUTION, ETC.
Place of publication, distribution, etc. Manila :
Name of publisher, distributor, etc. GIC Enterprises & Co., Inc.,
Date of publication, distribution, etc. c2010.
300 ## - PHYSICAL DESCRIPTION
Other physical details 820p.;
Dimensions 23 cm.
650 ## - SUBJECT ADDED ENTRY--TOPICAL TERM
Topical term or geographic name entry element 1. Accounting-Examination, questions, etc.
650 ## - SUBJECT ADDED ENTRY--TOPICAL TERM
Topical term or geographic name entry element 2. Accounting-Problems, exercises, etc.
942 ## - ADDED ENTRY ELEMENTS (KOHA)
Source of classification or shelving scheme Dewey Decimal Classification
Suppress in OPAC No
Koha item type Book-Filipiniana
Call number prefix Fil.
Holdings
Withdrawn status Lost status Source of classification or shelving scheme Damaged status Not for loan Home library Current library Date acquired Source of acquisition Cost, normal purchase price Total Checkouts Full call number Barcode Date last seen Copy number Price effective from Koha item type Uniform Resource Identifier
    Dewey Decimal Classification     College Library College Library 07/28/2010 School Fund 600.00   Fil. 657 Ub14c 2010 47601 07/23/2024 c1 07/23/2024 Book-Filipiniana
    Dewey Decimal Classification     College Library College Library 07/28/2010 School Fund 600.00   Fil. 657 Ub14c 2010 47602 07/23/2024 c2 07/23/2024 Book-Filipiniana
    Dewey Decimal Classification     College Library College Library 07/28/2010 School Fund 600.00   Fil. 657 Ub14c 2010 47603 07/23/2024 c3 07/23/2024 Book-Filipiniana
    Dewey Decimal Classification     College Library College Library 07/28/2010 School Fund 600.00   Fil. 657 Ub14c 2010 47604 07/23/2024 c4 07/23/2024 Book-Filipiniana
    Dewey Decimal Classification     College Library College Library 07/28/2010 School Fund 600.00   Fil. 657 Ub14c 2010 47605 07/23/2024 c5 07/23/2024 Book-Filipiniana